Top 15 des nationalités les plus consommatrices de vin - Statistiques

Statistiques générales
  • Ce quiz a été pris 241 fois
  • Le résultat moyen est 13 sur 17
Statistiques - réponses
Litres par habitant Pays % Correct
35 litres france
100%
36 litres italie
98%
20 litres espagne
95%
22 litres allemagne
90%
18 litres royaume uni
88%
52 litres portugal
86%
26 litres suisse
81%
18 litres Grèce
74%
19 litres Suède
71%
19 litres pays - bas
70%
25 litres autriche
68%
20 litres australie
65%
17 litres argentine
61%
24 litres danemark
61%
17 litres Hongrie
59%
20 litres république tchèque
52%
17 litres nouvelle zelande
47%
Aucun quiz correspondant
Distribution des résultats
% des personnes avec chaque résultat
Percentile par nombre de réponses
Votre historique - résultats
Vous n’avez pas pris ce quiz